Planeación económica : (Registro nro. 8800)

Detalles MARC
000 -LEADER
fixed length control field 01085nam a2200277Ia 4500
003 - CONTROL NUMBER IDENTIFIER
control field OSt
005 - DATE AND TIME OF LATEST TRANSACTION
control field 20211118165015.0
008 - FIXED-LENGTH DATA ELEMENTS--GENERAL INFORMATION
fixed length control field 210310s1952 mx fr 000 0 spa d
040 ## - CATALOGING SOURCE
Original cataloging agency CO-JMCR
Transcribing agency CO-JMCR
041 1# - LANGUAGE CODE
Language code of text/sound track or separate title spa
Language code of original eng
082 04 - DEWEY DECIMAL CLASSIFICATION NUMBER
Classification number 338.91 /
Item number H313p
Edition number 23
100 1# - MAIN ENTRY--PERSONAL NAME
Personal name Harris, Seymour E.,
9 (RLIN) 18323
Relator term autor
245 10 - TITLE STATEMENT
Title Planeación económica :
Remainder of title exposición y análisis /
Statement of responsibility, etc. por Seymour E. Harris ; traducción de M. Vázquez Díaz ; revisada por Víctor L. Urquidi y Vicente Polo
250 ## - EDITION STATEMENT
Edition statement Primera edición
260 ## - PUBLICATION, DISTRIBUTION, ETC.
Place of publication, distribution, etc. México :
Name of publisher, distributor, etc. Fondo de Cultura Económica,
Date of publication, distribution, etc. 1952
300 ## - PHYSICAL DESCRIPTION
Extent 682 páginas ;
Dimensions 21 cm.
490 0# - SERIES STATEMENT
Series statement Sección de Obras de Economía
500 ## - GENERAL NOTE
General note Título original: Economic Planning. The Plans of Fourteen Countries with Analyses of the Plans
505 0# - FORMATTED CONTENTS NOTE
Formatted contents note Análisis -- Los planes -- Progreso
546 ## - LANGUAGE NOTE
Language note Traducido del inglés.
650 14 - SUBJECT ADDED ENTRY--TOPICAL TERM
Topical term or geographic name entry element Política económica
9 (RLIN) 18325
700 1# - ADDED ENTRY--PERSONAL NAME
Personal name Vázquez Díaz, M.,
Relator term traductor
9 (RLIN) 41608
700 1# - ADDED ENTRY--PERSONAL NAME
Personal name Urquidi, Víctor L.,
Relator term revisor
9 (RLIN) 37531
700 1# - ADDED ENTRY--PERSONAL NAME
Personal name Polo, Vicente,
Relator term revisor
9 (RLIN) 4570
942 ## - ADDED ENTRY ELEMENTS (KOHA)
Source of classification or shelving scheme Dewey Decimal Classification
Koha item type Books
Existencias
Withdrawn status Lost status Source of classification or shelving scheme Damaged status Not for loan Collection code Home library Current library Date acquired Source of acquisition Full call number Barcode Date last seen Copy number Koha item type
    Dewey Decimal Classification     Non-fiction Biblioteca Pública José María del Castillo y Rada Biblioteca Pública José María del Castillo y Rada 04/15/2018 Donación 338.91 / H313p 430004923 05/16/2024 Ej.1 Books